Tilastot visalle Pohjoismaat ja Baltian maat

Klikkaa tästä pelataksesi tätä visaa!

Yleistilastot

  • Tätä visaa on pelattu 72 kertaa
  • Keskiarvotulos 15 / 24

Vastaustilastot

KysymysVastaus% Oikein
Mikä on Ruotsin pääkaupunki?Tukholma
100%
Mikä on Suomen pääkaupunki?Helsinki
90%
Mikä on Islannin pääkaupunki?Reykjavik
90%
Mikä on Viron pääkaupunki?Tallinna
89%
Mikä on Tanskan pääkaupunki?Kööpenhamina
87%
Mikä on Norjan pääkaupunki?Oslo
87%
Mikä merivirta lämmittää Pohjoismaita?Golfvirta
84%
Mikä on pinta-alaltaan suurin Pohjoismaa?Ruotsi
79%
Mikä on asukasluvultaan suurin Pohjoismaa?Ruotsi
79%
Missä Baltian maassa edellisen kysymyksen pääkaupunki sijaitsee?Latvia
75%
Minkä pääkaupungin läpi Väinäjoki virtaa?Riika
72%
Mikä on Liettuan pääkaupunki?Vilna
70%
Mikä on Ruotsin hallitusmuoto?kuningaskunta
66%
Mikä on Suomen hallitusmuoto?tasavalta
64%
Mikä on Islannin hallitusmuoto?tasavalta
61%
Mikä on Norjan hallitusmuoto?kuningaskunta
61%
Mikä on Tanskan hallitusmuoto?kuningaskunta
59%
Mikä on nimeltään Ruotsin suurin saari?Gotlanti
49%
Mikä iso vuoristo sijaitsee Norjan ja Ruotsin rajan tuntumassa?Skandit
49%
Mikä on nimeltään matkailureitti, joka kulkee Baltian maiden halki?Via Baltica
31%
Mikä on Ruotsin korkein vuori?Kebnekaise
26%
J-kirjaimella alkava vuoristoalue Norjan puolella on nimeltään?Jotunheimen
15%
Mikä k-kirjaimella alkava salmi on Tanskan lähellä?Kattegat
15%
Mikä s-kirjaimella alkava salmi on Tanskan lähellä?Skagerak
8%

Tulosjakauma

Persentiili vastausten määrän mukaan

Jokaisen tuloksen saaneiden osuus

Tuloshistoriasi

Et ole pelannut tätä visaa